Richest Alpha Cities - Statistics

General Stats
  • This quiz has been taken 66 times
  • The average score is 7 of 11
Answer Stats
Answer % Correct
74k New York
96%
62k Paris
84%
95k San Francisco
72%
62k Chicago
65%
61k Frankfurt
63%
64k Zurich
61%
78k Boston
56%
70k Munich
53%
61k Amsterdam
51%
62k Stockholm
49%
88k Luxembourg
19%
No matching quizzes found
Score Distribution
Percent of People with Each Score
Percentile by Number Answered
Your Score History
You have not taken this quiz